Stemmi Squadre di calcio dal dettaglio - Quiz n°34 - Statistics

Statistiche generali
  • Questo quiz è stato fatto 5 volte
  • Il punteggio medio è 5 su 10
Statistiche sulle risposte
con Immagini Risposta % Corretto
Cluj
80%
APOEL
60%
Brest
60%
Cesena
60%
Frosinone
60%
Girona
60%
Legia Varsavia
60%
Olimpia
60%
Wimbledon
40%
Corinthians
0%
Nessun quiz corrispondente trovato
Distribuzione punteggi
Percentuale di utenti per punteggio
Percentile per numero di risposta
I tuoi punteggi nel tempo
Non hai fatto questo quiz